Statistics for German Professional Football League Quiz

Click here to take the quiz!

General Stats

  • This quiz has been taken 21 times
  • The average score is 29 of 56

Answer Stats

Answer% Correct
Bayern Munich
100%
Borussia Dortmund
100%
Hamburger SV
100%
1. FC Köln
94%
Eintracht Frankfurt
88%
VfL Wolfsburg
88%
VfB Stuttgart
88%
RB Leipzig
82%
Schalke 04
82%
Dynamo Dresden
82%
Bayer Leverkusen
82%
Hertha BSC
76%
Fortuna Düsseldorf
76%
Borussia Mönchengladbach
76%
Mainz 05
76%
Hannover 96
76%
Werder Bremen
76%
TSG 1899 Hoffenheim
71%
FC Augsburg
71%
FC St Pauli
65%
1. FC Nürnberg
65%
FC Ingolstadt
65%
Darmstadt 98
59%
MSV Duisburg
59%
Holstein Kiel
59%
Hansa Rostock
53%
SC Freiburg
47%
VfL Bochum
47%
Arminia Bielefeld
47%
1. FC Kaiserslautern
47%
Eintracht Braunschweig
47%
1. FC Magdeburg
41%
Carl Zeiss Jena
41%
Union Berlin
41%
Jahn Regensburg
41%
Erzgebirge Aue
41%
SC Paderborn
35%
SpVgg Unterhaching
35%
1. FC Heidenheim
35%
SpVgg Greuther Fürth
35%
SV Sandhausen
29%
Rot-Weiß Erfurt
29%
VfL Osnabrück
29%
VfR Aalen
24%
Werder Bremen II
24%
Fortuna Köln
24%
Sportfreunde Lotte
24%
Preußen Münster
24%
SV Wehen Wiesbaden
18%
SG Sonnenhof Großaspach
18%
SV Meppen
18%
Karlsruher SC
18%
FSV Zwickau
18%
Hallescher FC
12%
Chemnitzer FC
12%
Würzerburger Kickers
0%

Score Distribution

Percentile by Number Answered

Percent of People with Each Score

Your Score History

You have not taken this quiz